Make provision (Record no. 79965)

MARC details
000 -LEADER
fixed length control field 01397cab a22002415a 4500
001 - CONTROL NUMBER
control field L142897
008 - FIXED-LENGTH DATA ELEMENTS--GENERAL INFORMATION
fixed length control field 080318e20080315xxk f 000 0 eng d
035 ## - SYSTEM CONTROL NUMBER
System control number (Sirsi) u142897
041 0# - LANGUAGE CODE
Language code of text/sound track or separate title eng
100 1# - MAIN ENTRY--PERSONAL NAME
Personal name Hoggarth, Adrian
245 00 - TITLE STATEMENT
Title Make provision
260 ## - PUBLICATION, DISTRIBUTION, ETC.
Date of publication, distribution, etc. 2008
490 ## - SERIES STATEMENT
Series statement Estates Gazette
Volume/sequential designation (0810) 15 March 2008, 158-159(2)
520 ## - SUMMARY, ETC.
Summary, etc. Examines the protection of employees' rights upon changes affecting their employer. The Transfer of Undertakings (Protection of Employment) Regulations 2006 (TUPE Regulations) oblige employers to inform and consult employee representatives upon a relevant transfer. Examines the test applied to determine whether such a transfer has taken place. The standard TUPE test arises on transfer of an undertaking or business which retains its identity within the UK. Since 2006 a new TUPE test has included service provision changes which cover the transfer of employees to a buying company. Case law.
590 ## - LOCAL NOTE (RLIN)
Local note KA
650 24 - SUBJECT ADDED ENTRY--TOPICAL TERM
Topical term or geographic name entry element TRANSFER OF UNDERTAKINGS (PROTECTION OF EMPLOYMENT) REGULATIONS 2006
650 24 - SUBJECT ADDED ENTRY--TOPICAL TERM
Topical term or geographic name entry element SPIJKERS V GEBROEDERS BENEDIK ABATTOIR CV
650 24 - SUBJECT ADDED ENTRY--TOPICAL TERM
Topical term or geographic name entry element SCHMIDT V SPAR UND LEIHKASSE DER FRUHEREN AMER BORDESHOLM KIEL UND CRONSHAGEN
650 24 - SUBJECT ADDED ENTRY--TOPICAL TERM
Topical term or geographic name entry element FORENINGEN AF ARBEJDSLEDERE I DANMARK V DADDY'S DANCE HALL
651 #4 - SUBJECT ADDED ENTRY--GEOGRAPHIC NAME
Geographic name United Kingdom
Chronological subdivision
690 ## - LOCAL SUBJECT ADDED ENTRY--TOPICAL TERM (OCLC, RLIN)
Topical term or geographic name as entry element MANAGEMENT-BUSINESS MANAGEMENT-HUMAN RESOURCE MANAGEMENT
942 ## - ADDED ENTRY ELEMENTS (KOHA)
Suppress in OPAC 0
Holdings
Withdrawn status Lost status Source of classification or shelving scheme Damaged status Not for loan Home library Current library Shelving location Date acquired Total Checkouts Full call number Barcode Date last seen Copy number Price effective from Koha item type
    Dewey Decimal Classification     London London Journal article 18/03/2008   L142897 142897-1001 06/08/2019 1 06/08/2019 Journal article